Entrepreneurship in action (Record no. 4621)

000 -LEADER
fixed length control field 00467 a2200169 4500
020 ## - INTERNATIONAL STANDARD BOOK NUMBER
International Standard Book Number 0131011014
040 ## - CATALOGING SOURCE
Original cataloging agency DLC
Language of cataloging DLC
082 00 - DEWEY DECIMAL CLASSIFICATION NUMBER
Classification number 658.421
100 1# - MAIN ENTRY--PERSONAL NAME
Personal name Coulter, Mary K.
245 10 - TITLE STATEMENT
Title Entrepreneurship in action
Statement of responsibility, etc. Mary Coulter.
250 ## - EDITION STATEMENT
Edition statement 2nd ed.
260 ## - PUBLICATION, DISTRIBUTION, ETC.
Place of publication, distribution, etc. Upper Saddle River, N.J. :
Name of publisher, distributor, etc. Prentice Hall,
Date of publication, distribution, etc. 2003.
300 ## - PHYSICAL DESCRIPTION
Extent xx, 384 p. :
Other physical details ill. ;
Dimensions 26 cm.
650 #0 - SUBJECT ADDED ENTRY--TOPICAL TERM
Topical term or geographic name entry element New business enterprises.
650 #0 - SUBJECT ADDED ENTRY--TOPICAL TERM
Topical term or geographic name entry element Entrepreneurship.
942 ## - ADDED ENTRY ELEMENTS (KOHA)
Koha item type Book
Call number prefix 658.421 COU
Source of classification or shelving scheme
Holdings
Withdrawn status Lost status Damaged status Not for loan Collection code Permanent Location Current Location Shelving location Date acquired Source of acquisition Cost, normal purchase price Total Checkouts Full call number Barcode Date last seen Price effective from Koha item type Date last checked out
          Central Library (CL) Central Library (CL) General Stacks 12/01/2005 Academic Book company 6411.60   658.421 COU SEECS006723 02/14/2025 01/05/2017 Book  
          Central Library (CL) Central Library (CL) General Stacks 03/28/2006 Allied Book Company 393.52   658.421 COU SEECS007177 11/14/2012 01/05/2017 Book  
          Central Library (CL) Central Library (CL) General Stacks 10/15/2005 Multi-Line Books 415.80 1 658.421 COU SEECS006561 06/16/2014 01/05/2017 Book 01/20/2014
© 2023 Central Library, National University of Sciences and Technology. All Rights Reserved.